Risk Management and Efficiency of Cooperatives: A Study of Nepalese Cooperatives Societies

Riadenie rizík v družstvách, ako napr. problém nepriaznivého výberu, nedostatok transparentnosti či slabý systém riadenia, na príklade družstevných spoločenstiev v Nepále. Analýza riadenia rizík a efektívnosti práce s využitím kvantitatívnych aj kvalitatívnych metód. Odstraňovanie nekalých praktík z...

Description complète

Enregistré dans:
Détails bibliographiques
Auteur principal: Paudel, Gyanendra Prasd
Format: Chapitre de livre
Langue:anglais
Sujets:
Tags: Ajouter un tag
Pas de tags, Soyez le premier à ajouter un tag!

MARC

LEADER 00000naa a2200000 4500
001 0282749
005 20220317161801.6
041 0 |a eng 
044 |a CZ 
245 1 0 |a Risk Management and Efficiency of Cooperatives: A Study of Nepalese Cooperatives Societies  |c Gyanendra Prasd Paudel 
520 |a Riadenie rizík v družstvách, ako napr. problém nepriaznivého výberu, nedostatok transparentnosti či slabý systém riadenia, na príklade družstevných spoločenstiev v Nepále. Analýza riadenia rizík a efektívnosti práce s využitím kvantitatívnych aj kvalitatívnych metód. Odstraňovanie nekalých praktík zavedením prísnej a rýchlej regulácie. Riadenie úverového rizika družstva a vhodné systémy riadenia úverového rizika. Sledovanie rizikových premenných, významne spojených s finančnou výkonnosťou, efektívnosťou a organizačnými faktormi, pričom kvôli veľkému rozdielu vo veľkostiach činností medzi družstvami jednotný regulačný smer pre reformu politiky nemusí byť pre tento sektor účinný. 
610 2 0 |a družstevníctvo 
610 2 0 |a družstvá 
610 2 0 |a sektor družstevný 
610 2 0 |a riadenie rizík 
610 2 0 |a riziko úverové 
610 2 0 |a efektívnosť práce 
610 2 0 |a ukazovatele efektívnosti 
610 2 0 |a politika podniková 
610 2 0 |a Nepál 
100 1 |a Paudel, Gyanendra Prasd